000 00782nam a2200241 a 4500
005 20240504063742.0
008 040922s1986 es r 000 0 spa d
020 _a8484320626
035 _aUPN01000134786
049 _aCG
050 4 _aCB69
_bB6.3
100 1 _aBoorstin, Daniel Joseph,
_d1914-2004
_935378
245 1 4 _aLos descubridores /
_cDaniel J. Boorstin ; tr. Susana Litjmaer.
260 _aBarcelona, Esp. :
_bCrítica,
_c1986.
300 _a714 p.
534 _pTraducción de:
_tThe discoverers
590 _aBibliografía Básica (BGTQ)
590 _a(También localizas un ejemplar en el "Area de Reserva")
650 4 _aCIVILIZACION -
_xHISTORIA
_98253
650 4 _aDESCUBRIMIENTOS GEOGRAFICOS
_98255
650 4 _aCiencia
_xHistoria
_94695
905 _aLibro
999 _c106937
_d106937